000 00708pab a2200157 454500
008 180718b1996 xxu||||| |||| 00| 0 eng d
100 _aChakrabarti, A.K.
245 _aEthics in an era of scam
260 _c1996
300 _ap.806-12,815
362 _aNov
520 _aCorporate bodies are artificial citizens but corporate functions are discharged by natural citizens. The onus is with the natural citizens to become good citizens who can protect the society from the onslaught of scams with their sense of ethics. There lies the strength and the quality in the process of developing the society and the nation. - Reproduced
650 _aEthics
773 _aManagement Accountant
909 _a32951
999 _c32951
_d32951